000
00289nam a22001217a 4500
041
_a
ENG
100
_a
Bhattacharya.A.K
245
_a
Land Drainage Principles ,Methods And Applications
260
_a
New Delhi
_b
Vikas
_c
2010
300
_a
757
650
_a
IDE
856
_u
Not to be Issued
999
_c
2529
_d
2529